Campo pedagógico y psicoanálisis /

Guardado en:
Autor Principal: Filloux, Jean Claude
Formato: Libro
Publicado: Buenos Aires : Nueva Visión
Series:Colección Claves
Materias:
Etiquetas: Agregar Etiqueta
Sin Etiquetas, Sea el primero en etiquetar este registro!
LEADER 00664nam a22002175a 4500
001 CEM.cems011085
005 20071128181137.0
008 130507b######################000#0#####d
003 CEMS
020 |a 9506024278 
082 0 4 |a 370.15 
100 1 |a Filloux, Jean Claude 
245 1 0 |a Campo pedagógico y psicoanálisis /  |c Jean Claude Filloux 
260 |a Buenos Aires :  |b Nueva Visión 
300 |a 126 p. 
490 0 |a Colección Claves 
500 |a Contiene textos de autores diferentes para justificar el tema tratado. 
653 |a Educación 
653 |a Pedagogía 
653 |a Psicoanálisis 
859 |a CEMS  |b BIB. CEMS - 11 de abril  |h 370.15  |i F486  |p 21896.02  |t Ej.1